| 000 | 00903nam a22002415i 4500 | ||
|---|---|---|---|
| 001 | 165665 | ||
| 003 | ES-MaACL | ||
| 005 | 20250828062537.0 | ||
| 008 | 020820s1878 fr |||| | fre d | ||
| 040 |
_aCCPB | B _bspa _cCCPB | B |
||
| 100 | 1 |
_aSpencer, Herbert, _d1820-1903 _9107684 |
|
| 245 | 1 | 0 |
_aDe l'éducation intellectuelle, morale et physique / _cpar Herbert Spencer ; traduit de l'anglais. |
| 260 |
_aParis : _bLibrairie Germer Baillière et Cie, _c1878 ( _eSaint-Denis : _fImprimerie Ch. Lambert) |
||
| 300 |
_a301 p. ; _c23 cm. |
||
| 490 | 1 | _aBibliothèque de philosophie contemporaine | |
| 650 | 7 |
_aEducación _2embne _912073 |
|
| 752 |
_aFrancia - _dParís |
||
| 752 |
_aFrancia - _dSaint Denis |
||
| 830 | 0 |
_aBibliothèque de philosophie contemporaine _9181027 |
|
| 852 |
_aES-MaACL _jB-7166 _z-- Enc. pasta española |
||
| 999 |
_c165665 _d165665 |
||